| 000 | 00791nam a22002297a 4500 | ||
|---|---|---|---|
| 999 |
_c7636 _d7636 |
||
| 003 | AR-CdUCM | ||
| 008 | 190321b ||||| |||| 00| 0 spa d | ||
| 040 |
_aMUNICIPALIDAD PROVINCIAL DEL CUSCO _cBIBLIOTECA MUNICIPAL DEL CUSCO |
||
| 041 | _hfr | ||
| 082 |
_a301 / _bB778 |
||
| 100 |
_aBouthoul, Gastón _96615 |
||
| 245 | _aBiología social / | ||
| 260 |
_aBarcelona : _bOikos-Tau, _c1971. |
||
| 300 |
_a125 páginas ; _c17 cm. |
||
| 440 |
_aColección ¿Qué sé? _n16 _921568 |
||
| 505 | _aContenido: La biología social -- El espacio sociológico y las estructuras sociales -- El tiempo sociológico -- Los equilibrios sociológicos... | ||
| 650 |
_aBiología _9881 |
||
| 650 |
_aEstructura social _92893 |
||
| 650 |
_aEconomía social _921569 |
||
| 942 |
_2ddc _cLIBROS |
||
| 945 | _adavv | ||